| 000 | 00953nam a2200229Ia 4500 | ||
|---|---|---|---|
| 999 |
_c38622 _d38622 |
||
| 001 | 4803 | ||
| 003 | GE_BSU | ||
| 005 | 20190807151702.0 | ||
| 008 | 181216s2008||||ge |||||||||||||| ||geo|| | ||
| 020 | _a9994090682 | ||
| 040 | _cGE_BSU | ||
| 041 | _ageo | ||
| 080 | _a81'374.822 = 112.2 = 353.1 გ-36 | ||
| 245 |
_aგერმანულ-ქართული ლექსიკონი L-Z ტ. 2 / _cშეადგინა გრ. თარაშვილმა ; რედ. ც. სუქნიძე. |
||
| 264 |
_aთბილისი : _bლეგა ; _c2008. |
||
| 300 |
_a633 გვ. ; _c22 სმ. |
||
| 541 | _h45ლ.(ორივე ტომის) | ||
| 653 | _aგერმანულ-ქართული ლექსიკონი | ||
| 700 |
_aთარაშვილმა, გრ. _eშემდგენელი _93440 |
||
| 700 |
_aსუქნიძე, ც. _eრედაქტორი _93441 |
||
| 942 |
_cBK _2udc |
||